00909nam a2200229 a 4500008004100000020001500041050001300056100002100069245011100090260004400201300001600245350000900261490005900270500009200329650003100421650001200452650003900464650001500503650005800518700002100576710008200597120416s1999 ||||||||||||||||| || u a9041197281 aK 81 Int aHeinrich, Gregor10aInternational bank insolvencies: a central bank perspectivecedited by Mario Giovanoli and Gregor Heinrich aLondon:bKluwer Law Internationalc1999 axlv, 432 p. a0.00 aInternational banking, finance and economic law series aAt head of title: SMU Institute of International Banking and Finance, Dallas, Texas ... aBANKS AND BANKING, CENTRAL aBANKING aBANK FAILURES--LAW AND LEGISLATION aBANKRUPTCY aBANKING AND BANKS, INTERNATIONAL--LAW AND LEGISLATION aGiovanoli, Mario aSouthern Methodist University. Institute of International Banking and Finance